Pays par le nombre de fuseaux horaires - Statistiques

Statistiques générales
  • Ce quiz a été pris 118 fois
  • Le résultat moyen est 16 sur 24
Statistiques - réponses
Nombre de fuseau horaire Pays % Correct
11 Etats Unis
100%
11 Russie
99%
6 Canada
97%
9 Australie
95%
12 France
94%
4 Brésil
92%
9 Royaume Uni
89%
4 Mexique
80%
2 Espagne
72%
3 Indonésie
69%
2 Portugal
67%
2 Mongolie
66%
5 Danemark
65%
2 Kazakhstan
63%
5 Nouvelle Zélande
63%
2 Afrique du Sud
58%
2 RD Congo
58%
2 Pays Bas
51%
3 Chili
44%
2 Ukraine
42%
2 Micronésie
34%
3 Kiribati
32%
2 Equateur
19%
2 Papouasie Nouvelle Guinée
16%
Aucun quiz correspondant
Distribution des résultats
% des personnes avec chaque résultat
Percentile par nombre de réponses
Votre historique - résultats
Vous n’avez pas pris ce quiz